Land ownership as an urban employment disincentive for rural migrants in China /
Bewaard in:
| Hoofdauteur: | |
|---|---|
| Andere auteurs: | , |
| Formaat: | Texto |
| Tags: |
Voeg label toe
Geen labels, Wees de eerste die dit record labelt!
|
MARC
| LEADER | 00000 a a2200000 04500 | ||
|---|---|---|---|
| 001 | 48816 | ||
| 003 | |||
| 040 | |||
| 100 | |a Rao, Can | ||
| 245 | |a Land ownership as an urban employment disincentive for rural migrants in China / |c Can Rao, Jingwen Yu, Hongfei Zhu | ||
| 700 | |a Yu, Jingwen | ||
| 700 | |a Zhu, Hongfei | ||
| 773 | |g volumen53, número2, (2015) : páginas 135-149 : tablas, gráficos | ||
| 999 | |c 24923 |d 24923 | ||
